| 000 | 00863cam a22002771 4500 | ||
|---|---|---|---|
| 001 | 6186 | ||
| 003 | FISKH | ||
| 005 | 20250325093243.0 | ||
| 008 | 760219s1960 nyua j 000 1 eng | ||
| 010 | _a 60014899 | ||
| 040 |
_aDLC _beng _cWa _dDLC |
||
| 050 | _aPZ7.L6634 I | ||
| 082 | _a813 | ||
| 100 | 1 |
_aLionni, Leo, _d1910-1999. |
|
| 245 | 1 | 0 | _aInch by inch. |
| 250 | _aFirst Scholastic printing, March 1994 | ||
| 260 |
_aNew York : _bScholastic, _c1960. |
||
| 300 |
_a32 pages : _bcolor illustrations ; _c28 cm |
||
| 505 | _aE | ||
| 520 | _aTo keep from being eaten, an inchworm measures a robin's tail, a flamingo's neck, a toucan's beak, a heron's legs, and a nightingale's song. | ||
| 521 | 8 |
_a210
_bLexile AD |
|
| 521 | 8 |
_aE
_bRaz-Plus |
|
| 906 |
_a7 _bcbc _corignew _du _eocip _f19 _gy-gencatlg |
||
| 942 |
_2ddc _cBK _n0 |
||
| 999 |
_c6186 _d6186 |
||